Laddar...

Systemic Yoyos

Bibliografiska uppgifter
Huvudupphovsman: Lin
Publicerad: Taylor & Francis 2008
LEADER 00182 a2200097 4500
020
260 |b Taylor & Francis  |c 2008 
942 |c BB  |6 _ 
245 |a Systemic Yoyos 
100 |a Lin 
999 |c 60706  |d 60706